| 000 | 01570nam a2200349 a 4500 | ||
|---|---|---|---|
| 001 | ebr10517016 | ||
| 003 | CaPaEBR | ||
| 006 | m u | ||
| 007 | cr cn||||||||| | ||
| 008 | 071108s2008 nyu sb 001 0 eng d | ||
| 010 | _z 2007046366 | ||
| 020 | _z9781433102523 (hardcover alk. paper) | ||
| 020 | _z9781453903490 (e-book) | ||
| 040 |
_aCaPaEBR _cCaPaEBR |
||
| 035 | _a(OCoLC)774287483 | ||
| 050 | 1 | 4 |
_aBS2825.52 _b.T46 2008eb |
| 082 | 0 | 4 |
_a228/.06 _222 |
| 100 | 1 |
_aThomas, David Andrew, _d1963- |
|
| 245 | 1 | 0 |
_aRevelation 19 in historical and mythological context _h[electronic resource] / _cDavid Andrew Thomas. |
| 246 | 3 | _aRevelation nineteen in historical and mythological context | |
| 260 |
_aNew York : _bPeter Lang, _cc2008. |
||
| 300 | _axii, 201 p. | ||
| 490 | 1 |
_aStudies in biblical literature, _x1089-0645 ; _vv. 118 |
|
| 504 | _aIncludes bibliographical references and indexes. | ||
| 505 | 0 | _aIntroduction -- The Roman triumph -- Nero redivivus -- The Parthians and the great king -- Conclusion : synthesis and ramifications. | |
| 533 |
_aElectronic reproduction. _bPalo Alto, Calif. : _cebrary, _d2013. _nAvailable via World Wide Web. _nAccess may be limited to ebrary affiliated libraries. |
||
| 630 | 0 | 0 |
_aBible. _pN.T. _pRevelation XIX _xCriticism, interpretation, etc. |
| 655 | 7 |
_aElectronic books. _2local |
|
| 710 | 2 | _aebrary, Inc. | |
| 830 | 0 |
_aStudies in biblical literature ; _vv. 118. |
|
| 856 | 4 | 0 |
_uhttp://site.ebrary.com/lib/rucke/Doc?id=10517016 _zAn electronic book accessible through the World Wide Web; click to view |
| 999 |
_c121777 _d121777 |
||